| 000 | 00817nam a2200217 i 4500 | ||
|---|---|---|---|
| 001 | bg | ||
| 100 | 1 | _aHASIEWICZ, Zygmunt | |
| 245 | 0 |
_aIdentyfikacja sterowanych systemów o złożonej strukturze / _cZygmunt Hasiewicz. |
|
| 260 |
_aWrocław : _bWydaw. PW, _c1993. |
||
| 300 |
_a210 s. : _brys., wykr. ; _c24 cm. |
||
| 490 | 1 |
_aPrace Naukowe Instytutu Cybernetyki Technicznej Politechniki Wrocławskiej. Monografie, _v22 |
|
| 500 | _aSer. gł. : 0324-9840 ; 90. | ||
| 504 | _aBibliogr. s. 194-205. | ||
| 710 | _aPOLITECHNIKA WROCŁAWSKA (Wrocław). Instytut Cybernetyki Technicznej | ||
| 830 | 0 |
_aPrace Naukowe Instytutu Cybernetyki Technicznej Politechniki Wrocławskiej. _pMonografie ; _v22 |
|
| 040 | _cBPK | ||
| 041 | _apol | ||
| 080 | _a519.7 | ||
| 942 | _cKS | ||
| 008 | s pl f |000 0 pol | ||
| 999 |
_c30083 _d30083 |
||
| 856 |
_uhttp://koha.tu.koszalin.pl/cgi-bin/koha/opac-detail.pl?biblionumber=30083 _yKatalog online BPK |
||